| 000 | 03322nam a22004217a 4500 | ||
|---|---|---|---|
| 999 |
_c21780 _d21780 |
||
| 003 | AR-CdUCM | ||
| 008 | 190425b ||||| |||| 00| 0 spa d | ||
| 040 |
_aMUNICIPALIDAD PROVINCIAL DEL CUSCO _cBIBLIOTECA MUNICIPAL DEL CUSCO |
||
| 082 | _aRev.Univ/N°131/1978 | ||
| 110 |
_aUniversidad Nacional de San Antonio Abad del Cusco _915942 |
||
| 245 |
_aRevista Universitaria : _bÓrgano de la Universidad del Cuzco / |
||
| 260 |
_aCusco : _bCultura Andina, _c1978. |
||
| 300 |
_a203 páginas. : _c20 cm. |
||
| 440 |
_aRevista Universitaria _nAño LXIV, 1978, N°131. _946070 |
||
| 505 | _aContenido: Relación de autoridades de la Universidad Nacional de San Antonio Abad del Cusco. -- Deslizamiento en el valle del río Urubamba sector entre Huayllabamba y Pachar departamento del Cusco. Carlos Kalafatovich. -- Los origenes de las lenguas quechuas y aimara. Luis A. Pardo. -- Luis E. Valcárcel. Luis Felipe Paredes. -- El seminario como técnica metodológica en la enseñanza universitaria. Delia Vidal de Milla. -- La mujer campesina de Chacán. Rina Cornejo Muñoz de Vera. -- El problema de las profesiones. Augusto Correa Castro. -- La ley de unidad y lucha de contrarios. Hugo Florez Ugarte. -- Una protesta de pastores de puna alta Chichillapi 1901. Jorge Flores Ochoa. -- IV industrialización de Lupinus mutábilis Tarhui. Salustio Jiménez. -- Necesidad de producir la semilla de hortalizas. Juan Clímaco Monteagudo. -- La función poética del Sustantivo. Gustavo Pérez Ocampo. -- Etnotaxonomía de la papa en algunas comunidades del Cusco. Jorge Sánchez Farfán. -- La lectura como instrumento de la educación. Hernando Salas. -- El mariscal don Andrés de Santa Cruz y la reforma de la educación en el Perú. Armando Sotomayor Farfán. -- La edad de oro de la Universidad. José Tamayo Herrera. -- Efectos del descongelamiento parcial en Merluza congelada. Adelma Troncoso de Jiménez. -- Hacia el esbozo de nuevas hipótesis para el estudio del Pucllay del Chiaraje. Abrahán Valencia Espinoza. -- Algunos problemas en la aplicación de la didactica de las Ciencias Naturales en nuestro medio. Lucio Velásquez Velásquez. -- Fanerógamas parásitas del departamento del Cusco estudio preliminar taxonómico y fisiológico. Horacio Zamalloa Díaz. -- Juan Bautista Túpac Amaru. Memorias de su cautiverio. Notas e introducción de Manuel Jesús Aparicio Vega. | ||
| 650 |
_aAgricultura _9320 |
||
| 650 |
_aAntropología cusqueña _945862 |
||
| 650 |
_aComunidades campesinas _92214 |
||
| 650 |
_aLengua Quechua _946071 |
||
| 650 |
_aLengua Aimara _946072 |
||
| 650 |
_aGénero _946073 |
||
| 650 |
_aTubérculos _946074 |
||
| 650 |
_aAndrés de Santa Cruz _946075 |
||
| 650 |
_aFolklore cusqueño _98693 |
||
| 650 |
_aJuan Bautista Túpac Amaru _946076 |
||
| 700 |
_aFlores Ochoa. Jorge _92915 |
||
| 700 |
_aAparicio Vega, Manuel Jesús _91304 |
||
| 700 |
_aKalafatovich, Carlos _945994 |
||
| 700 |
_aCornejo Muñoz de Vera, Rina _930421 |
||
| 700 |
_aPérez Ocampo, Gustavo _946077 |
||
| 700 |
_aSánchez Farfán, Jorge _946078 |
||
| 700 |
_aSotomayor Farfán, Armando _946079 |
||
| 700 |
_aValencia Espinoza, Abrahán _946080 |
||
| 700 |
_aZamalloa Díaz, Horacio _946081 |
||
| 710 |
_aUniversidad Nacional de San Antonio Abad del Cusco _915942 |
||
| 942 |
_2ddc _cPP |
||
| 945 | _arac | ||